Law in action: a series of broadcast talks (Record no. 371661)

000 -LEADER
fixed length control field 00291cam a22001097a 4500
008 - FIXED-LENGTH DATA ELEMENTS--GENERAL INFORMATION
fixed length control field 180718b1954 xxu||||| |||| 00| 0 eng d
082 ## - DEWEY DECIMAL CLASSIFICATION NUMBER
Classification number G93x42 L41/1
245 ## - TITLE STATEMENT
Title Law in action: a series of broadcast talks
260 ## - PUBLICATION, DISTRIBUTION, ETC.
Place of publication, distribution, etc. London
Name of publisher, distributor, etc. Stevens
Date of publication, distribution, etc. 1954
300 ## - PHYSICAL DESCRIPTION
Extent 90p
650 ## - SUBJECT ADDED ENTRY--TOPICAL TERM
Topical term or geographic name entry element Law --Great Britain
Holdings
Withdrawn status Lost status Damaged status Not for loan Permanent Location Current Location Date acquired Full call number Barcode Date last seen Price effective from Koha item type
        Indian Institute of Public Administration Indian Institute of Public Administration 1994-06-10 G93x42 L41/1 7262 2018-07-21 2018-07-21 Book

Powered by Koha